000 00638nac a22001811u 4500
020 _a1844804542
082 _a004.019
_bSm519
090 _c2147
_d2147
100 _aSmith-Atakan Serengul
245 _aHuman-computer interaction /
_cSerengul Smith-Atakan
260 _aLondon :
_bThomson ,2006
_c2006.
300 _axiv,204 p. :
_bill. ;
_c22 cm.
440 _aThe FASTTRACK Series
500 _aIncludes index
650 _aHuman computer interaction
942 _cBB
_k004.019 Sm519
999 _c2147
_d2147